000 00421cam a2200181 4500
001 D12417
008 090401t1959 xxu||||| |||| 00| 0 eng d
035 _a(Sirsi) u3355
041 _aeng
100 _aClendinning, J.
245 _aPrinciples and use of surveying instruments
250 _a2nd
260 _bBlackie and Sons Ltd
_c1959
350 _a0
520 _aShelf 114
942 _n0
948 _c04/03/1997
999 _c85871
_d85871